00594cam a22001812 4500001001100000005001700011008004100028020001700069040001500086100003500101245011000136250001300246260003800259300002100297650005200318650003900370852000300409000001948520151217145916.0101216s xx 000 0 eng d a1847037305 : aKABUcKABU1 aMitchell, Charles.@000017920710aHayton and Mitchell commentary and cases on the law of trusts and equitable remedies /cCharles Mitchell. a13th ed. aLondon :bSweet & Maxwell,c2010. alxxxviii, 792 p. 0aTrusts and trusteeszGreat Britain.@0000158683 0aEquityzGreat Britain.@00001586841